|
|
|
|
| LEADER |
00000cam a2200000 4500 |
| 001 |
vtls012155603 |
| 003 |
SK-MaSNL |
| 005 |
20260301105434.0 |
| 008 |
221202s2022 xo oa f np 000 0 slo |
| 015 |
|
|
|a SNBA2023/05
|
| 020 |
|
|
|a 9788022549530
|q (brožované)
|
| 040 |
|
|
|a SNK
|b slo
|c SNK
|e rda
|
| 041 |
0 |
|
|a slo
|
| 044 |
|
|
|a xo
|c SK
|
| 072 |
|
7 |
|a 004
|x Počítačová veda. Výpočtová technika. Informačné technológie
|2 konspekt
|
| 080 |
|
|
|a 007+004
|2 2011
|
| 080 |
|
|
|a 004.3
|2 2011
|
| 080 |
|
|
|a 004
|2 2011
|
| 080 |
|
|
|a (075.8)
|2 2011
|
| 100 |
1 |
|
|a Schmidt, Peter,
|d 1968-
|4 aut
|9 165752
|
| 245 |
1 |
0 |
|a Informatika
|n 1
|p Hardvér
|c Peter Schmidt, Jaroslav Kultan, Peter Procházka
|
| 246 |
3 |
0 |
|a Hardvér
|
| 250 |
|
|
|a Vydanie prvé
|
| 264 |
|
1 |
|a Bratislava
|b Vydavateľstvo Ekonóm
|c 2022
|
| 300 |
|
|
|a 92 strán
|c 21 cm
|
| 336 |
|
|
|a text
|b txt
|2 rdacontent
|
| 337 |
|
|
|a bez média
|b n
|2 rdamedia
|
| 338 |
|
|
|a zväzok
|b nc
|2 rdacarrier
|
| 366 |
|
|
|e 120 kusov
|
| 504 |
|
|
|a Obsahuje bibliografiu na strane 91-92
|
| 650 |
0 |
7 |
|a informatika
|2 SNKPH
|9 1124
|
| 650 |
0 |
7 |
|a Informatics
|2 SNKPHeng
|9 267334
|
| 650 |
0 |
7 |
|a hardvér
|2 SNKPH
|9 1221
|
| 650 |
0 |
7 |
|a Hardware
|2 SNKPHeng
|9 331697
|
| 650 |
0 |
7 |
|a informačné technológie
|2 SNKPH
|9 1527
|
| 650 |
0 |
7 |
|a Information technology
|2 SNKPHeng
|9 266458
|
| 655 |
|
7 |
|a učebnice vysokých škôl
|2 SNKPH
|9 70191
|
| 655 |
|
7 |
|a Textbooks (higher)
|2 SNKPHeng
|9 276436
|
| 700 |
1 |
|
|a Kultan, Jaroslav,
|d 1960-
|4 aut
|9 10770
|
| 700 |
1 |
|
|a Procházka, Peter,
|d 1968-
|4 aut
|9 217812
|
| 710 |
2 |
|
|a Ekonomická univerzita v Bratislave.
|b Fakulta hospodárskej informatiky
|4 pbl
|9 177163
|
| 852 |
|
|
|a Slovenská národná knižnica
|
| 919 |
|
|
|a 978-80-225-4953-0
|
| 954 |
|
|
|a odborná, vedecká literatúra pôvodná (slovenská)
|2 lita
|
| 958 |
|
|
|a NB
|
| 999 |
|
|
|c 700856
|d 702786
|
| 952 |
|
|
|a SNK
|b SNK
|y PREZ
|7 0
|p 17A1515980
|o snkSC 200002
|i snk2022/18078
|8 0
|0 0
|1 0
|4 0
|d 2022-12-02
|l 0
|r 2025-10-22 00:00:00
|w 2026-02-23
|
| 952 |
|
|
|a SNK
|b SNK
|y VYP
|7 0
|p 17A1515981
|o snkSC 200002 D1
|i snk2022/18079
|8 0
|0 0
|1 0
|4 0
|d 2022-12-02
|l 0
|r 2026-02-23 20:56:40
|w 2026-02-23
|